000
00305nam a22001217a 4500
082
_a
158
_b
PRA/S
100
_a
PRABHUPADA,BHAKTIVEDANTA SWAMI
245
_a
THE SCIENCE OF SELF REALIZATION
260
_a
MUMBAI
_b
BHAKTIVEDANTA BOOK TRUST
300
_a
360
650
_a
SELF REALIZATION
_z
MUMBAI
942
_c
BK
999
_c
5697
_d
5697